00546 2200193 4500001002100000005001500021035002000036007000300056008004100059020002200100082000800122084001400130100002400144245007800168260003800246300002600284650003200310990001000342INLIS00000000000042720170930104052 a0010-0917000413ta170930 f 0 ind  a978-602-001-990-1 a297 a297 IPP h0 aIppho Right Santosa1 aHanya Dua Menit Anda Bisa Tahu Potensi Rezwki Anda /cIppho Right Santosa aJakarta :bKompas Gramedia,c2012 a109 hlm ;c15 x 23 cm aIslam Sebagai Pedoman Hidup a14682